|
|
|
|
| LEADER |
00000cam a22000004a 4500 |
| 001 |
musev2_61361 |
| 003 |
MdBmJHUP |
| 005 |
20230905050327.0 |
| 006 |
m o d |
| 007 |
cr||||||||nn|n |
| 008 |
210325s2020 xx o 00 0 eng d |
| 020 |
|
|
|a 9781684175482
|
| 020 |
|
|
|z 1684175488
|
| 020 |
|
|
|z 9780674417168
|
| 035 |
|
|
|a (OCoLC)1132225983
|
| 040 |
|
|
|a MdBmJHUP
|c MdBmJHUP
|
| 100 |
1 |
|
|a Phipps, Catherine L.
|
| 245 |
1 |
0 |
|a Empires on the Waterfront :
|b Japan's Ports and Power, 1858-1899
|
| 264 |
|
1 |
|a [Place of publication not identified] :
|b Brill,
|c 2020.
|
| 264 |
|
3 |
|a Baltimore, Md. :
|b Project MUSE,
|c 2020
|
| 264 |
|
4 |
|c ©2020.
|
| 300 |
|
|
|a 1 online resource (308 pages).
|
| 336 |
|
|
|a text
|b txt
|2 rdacontent
|
| 337 |
|
|
|a computer
|b c
|2 rdamedia
|
| 338 |
|
|
|a online resource
|b cr
|2 rdacarrier
|
| 490 |
0 |
|
|a Harvard East Asian monographs ;
|v 373
|
| 588 |
|
|
|a Description based on print version record.
|
| 650 |
|
7 |
|a Free ports and zones.
|2 fast
|0 (OCoLC)fst00933906
|
| 650 |
|
7 |
|a Diplomatic relations.
|2 fast
|0 (OCoLC)fst01907412
|
| 650 |
|
7 |
|a Commerce.
|2 fast
|0 (OCoLC)fst00869279
|
| 650 |
|
6 |
|a Zones et ports francs
|z Japon
|x Histoire
|y 19e siecle.
|
| 650 |
|
0 |
|a Free ports and zones
|z Japan
|x History
|y 19th century.
|
| 651 |
|
7 |
|a Japan.
|2 fast
|0 (OCoLC)fst01204082
|
| 651 |
|
6 |
|a Japon
|x Histoire
|y 1868-1912 (Ère Meiji)
|
| 651 |
|
6 |
|a Japon
|x Relations exterieures
|y 1868-1912.
|
| 651 |
|
0 |
|a Japan
|x History
|y Meiji period, 1868-1912.
|
| 651 |
|
0 |
|a Japan
|x Foreign relations
|y 1868-1912.
|
| 651 |
|
0 |
|a Japan
|x Commerce
|x History
|y 19th century.
|
| 655 |
|
7 |
|a History.
|2 fast
|0 (OCoLC)fst01411628
|
| 655 |
|
7 |
|a Electronic books.
|2 local
|
| 710 |
2 |
|
|a Project Muse.
|e distributor
|
| 830 |
|
0 |
|a Book collections on Project MUSE.
|
| 856 |
4 |
0 |
|z Texto completo
|u https://projectmuse.uam.elogim.com/book/61361/
|
| 945 |
|
|
|a Project MUSE - Custom Collection
|
| 945 |
|
|
|a Project MUSE - Archive Complete Supplement VIII
|
| 945 |
|
|
|a Project MUSE - Archive History Supplement VIII
|
| 945 |
|
|
|a Project MUSE - Archive Asian and Pacific Studies Supplement VII
|